Ciberdiccionario: conceptos de ciberseguridad en lenguaje #Entendible (Registro nro. 13117)
[ vista simple ]
| 000 -Cabecera | |
|---|---|
| Campo de control de longitud fija | 00663ntm a22002417a 4500 |
| 005 - Fecha y hora de la última transacción | |
| Campo de control | 20250624130707.0 |
| 008 - Elementos de longitud fija--Información general | |
| Campo de control de longitud fija | 210813b2019 xxu||||| |||| 00| 0 spa d |
| 020 ## - International Standard Book Number | |
| Número Internacional Estándar del Libro (ISBN) | 9781694093639 |
| 041 ## - Idioma | |
| Código de idioma | Español |
| 082 ## - Clasificación Decimal Dewey | |
| Número de clasificación | R 364.168.03 Z93c2 |
| 100 ## - Entrada principal--Autor personal | |
| Nombre personal | Zubieta Moreno, Javier |
| 245 ## - Título propiamente dicho | |
| Título | Ciberdiccionario: conceptos de ciberseguridad en lenguaje #Entendible |
| 250 ## - Edición | |
| Mención de edición | 2 edición |
| 260 ## - Pie de imprenta | |
| Lugar de publicación, distribución, etc. | Polonia |
| 260 ## - Pie de imprenta | |
| Nombre del editor, distribuidor, etc. | Amazon Fulfillment |
| 260 ## - Pie de imprenta | |
| Fecha de publicación, distribución, etc. | 2019 |
| 300 ## - Descripción física | |
| Extensión | 91 páginas |
| 490 ## - Serie | |
| Título de la Serie | Dirección y Administración de Empresas |
| 650 ## - Materia general | |
| Temática (materia general) | DICCIONARIO |
| 650 ## - Materia general | |
| Temática (materia general) | CIBERSEGURIDAD |
| 650 ## - Materia general | |
| Temática (materia general) | SEGURIDAD INFORMÁTICA |
| 942 ## - Punto de acceso adicional KOHA | |
| Tipo de ítem KOHA | Referencia |
| Fuente del sistema de clasificación o colocación | Dewey Decimal Classification |
| Signatura completa | Código de barras | Tipo de ítem | Programa Académico |
|---|---|---|---|
| R 364.168.03 Z93c2 | 25310 | Referencia | |
| R 364.168.03 Z93c2 | 25787 | Referencia | Dirección y Administración de Empresas |